UK History Grab Bag Quiz Stats

Quiz Updated Feb 26, 2015

Challenge
Share
Tweet
Embed
Score 0/24 Timer 08:00
1 Play Today
Question Answer % Correct
With which country did England unite with to form Great Britain?Scotland
99.3%
Which Prime Minister refused to surrender to Nazi Germany during WWII?Winston Churchill
79.8%
The Acts of Union 1800 joined which country with GB and created the UK? Ireland
79.2%
Which war did the UK fight with Argentina over a group of islands in the South Atlantic?Falklands War
73.7%
Which company came to rule large areas of India with its own private army, and administrative functions?East India Company
67%
Who was the first Hanoverian king of Great Britain?George I
64.2%
Which king abdicated to marry American divorcee Wallis Simpson?Edward VIII
60.4%
During which WWI battle did the British Army suffer nearly 60,000 casualties on the first day?Somme
58%
The UK joined with France, the Ottoman Empire, and the Kingdom of Sardinia to fight which war with Russia?Crimean War
56.4%
Which war did Britain fight against the Transvaal Republic and the Orange Free State?Second Boer War
56.3%
What name is given to the two wars Britain fought with China?Opium Wars
52.7%
Who was the first Prime Minister of Great Britain?Robert Walpole
44.8%
Question Answer % Correct
Which Prime Minister made Queen Victoria Empress of India?Benjamin Disraeli
42.8%
Which English engineer is famous for designing the Great Western Railway?Isambard Kingdom Brunel
42.4%
Which 'crisis' brought down PM Anthony Eden's government?Suez Crisis
41.2%
During which war were the French driven out of India and British North America?Seven Years War
41.1%
Which Prime Minister took the UK into the EU?Edward Heath
35.3%
Which Victorian Prime Minister introduced two Irish Home Rule Bills into parliament, both defeated? William Ewart Gladstone
32.1%
Which politician was the leader of the parliamentary campaign against the British slave trade?William Wilberforce
30.4%
Which PM is best known for leading Britain in the French Revolutionary Wars and against Napoleon?William Pitt the Younger
30.3%
Over 1,300 British troops were killed at the Battle of Isandlwana during which war?Anglo-Zulu War
30.1%
Who is the only Prime Minister of Britain or the UK to be assassinated?Spencer Perceval
23.9%
Which war with Spain came about partly because of the severed ear of a ship captain?War of Jenkins' Ear
23.4%
Which event caused the British government to take direct control over India?Indian Mutiny
23.1%

You're not logged in!

Compare scores with friends on all Sporcle quizzes.
Join for Free
OR
Log In

You Might Also Like...

Show Comments

Extras

Top Quizzes Today


Score Distribution

Your Account Isn't Verified!

In order to create a playlist on Sporcle, you need to verify the email address you used during registration. Go to your Sporcle Settings to finish the process.

Report this User

Report this user for behavior that violates our Community Guidelines.

Details: